000 00324nam a22001217a 4500
082 _a332.095957021 SBP
100 _aState Bank of Pakistan
245 _aStatistical Bulletin December 2007
_cState Bank of Pakistan
260 _aKarachi
_bState Bank of Pakistan
_c2007
300 _a247p
563 _aP.B
942 _2ddc
_cBK
999 _c588873
_d588873